Tisíckorunová bankovka vzoru 1999

V súlade s hlavnými úlohami Národnej banky Slovenska rozhodla Banková rada NBS v roku 1999 realizovať dotlač bankoviek. Bankovky vyšších nominálnych hodnôt budú mať vyššiu úroveň ochrany proti falšovaniu.

Salvato in:
Dettagli Bibliografici
Autore principale: Fröhlich, Štefan
Natura: Capitolo di libro
Lingua:slovacco
Soggetti:
Tags: Aggiungi Tag
Nessun Tag, puoi essere il primo ad aggiungerne!!

MARC

LEADER 00000naa a2200000 4500
001 r037432
005 20221129111227.5
041 0 |a slo 
044 |a SK 
245 1 0 |a Tisíckorunová bankovka vzoru 1999  |c Štefan Fröhlich 
520 |a V súlade s hlavnými úlohami Národnej banky Slovenska rozhodla Banková rada NBS v roku 1999 realizovať dotlač bankoviek. Bankovky vyšších nominálnych hodnôt budú mať vyššiu úroveň ochrany proti falšovaniu. 
610 2 0 |a bankovky 
610 2 0 |a NBS Bratislava 
610 2 0 |a Slovensko 
610 2 0 |a falzifikáty 
100 1 |a Fröhlich, Štefan